| 000 | 00485nam a2200157 a 4500 | ||
|---|---|---|---|
| 001 | 000030636 | ||
| 005 | 20200930062425.0 | ||
| 008 | 110525s2011 dr 000 0 spa d | ||
| 020 | _a9789993439585 | ||
| 040 |
_aDO-SdBNP _bspa _cBNPHU |
||
| 082 |
_axxxx _bS684a |
||
| 100 | 1 |
_aSolano Pérez, Juan _957224 |
|
| 245 | 1 | 3 |
_aLa agonía del tiempo : _b(ensayos, artículos y poesías sobre Neyba) / _cJuan Solano Pérez. |
| 260 |
_aSanto Domingo : _bBúho, _c2011. |
||
| 300 |
_a41 p. ; _c22 cm. |
||
| 999 |
_c30128 _d30128 |
||